| 000 | 01238nam0a22003251 4500 | ||
|---|---|---|---|
| 001 | RU\INFOCOMM_322\NLR\5000223175 | ||
| 005 | 20250613112053.0 | ||
| 035 | _a(NLR Aleph) 009603428 | ||
| 090 |
_a9325521 _c9325521 |
||
| 100 | _a20130312d1980 |||y0rusy50 ca | ||
| 101 | 1 |
_acze _crus |
|
| 102 |
_aCZ _aRU |
||
| 105 | _ay z ||||| | ||
| 200 | 1 |
_aChopin, Sonáta č. 2 _e[Povídky] _fJevgenij Nosov _g[Přel. Antonín Hendrych et al.] |
|
| 210 |
_aPraha _cLid. nakl-ví _aM. _cProgress _d1980 |
||
| 215 |
_a287 с. _d21 см |
||
| 300 | _aВ вып. дан.: Избранное / Евгений Носов | ||
| 327 | 1 | _aСодерж.: Přilbonoši z uszjatů; Rudé víno vítězství; Chopin, sonáta š. 2 | |
| 464 | 0 |
_12001#$aPřilbonoši z uszjatů _tPřilbonoši z uszjatů |
|
| 464 | 0 |
_12001#$aRudé víno vítězství _tRudé víno vítězství |
|
| 464 | 0 |
_12001#$aChopin, sonáta š. 2 _tChopin, sonáta š. 2 |
|
| 620 | _aМосква | ||
| 686 |
_aШ692=р)77(чешск.) _2rubbk |
||
| 700 | 1 |
_9z01790 _aNosov _bE. I. _f1925- _gEvgenij Ivanovič |
|
| 790 | 1 |
_9z01700 _aNosov _bJ. _gJevgenij _4070 |
|
| 801 | 1 |
_aRU _bInfocomm _c20130312 |
|
| 801 | 0 |
_aRU _bINFOCOMM _gPSBO |
|
| 852 |
_aNLR _jСл Чеш.2/8428 |
||
| 942 | _cBOOK | ||
| 980 | _aNB | ||